[Event "Blitz 2018"]
[Site "Saint-Petersburg"]
[Date "2018.12.30"]
[Round "16"]
[Board "40"]
[White "Maslak Konstantin (RUS)"]
[Black "Savchenko Boris (RUS)"]
[Result "0-1"]
[LiveChessVersion "1.4.8"]
[BlackElo "2639"]
[WhiteElo "2537"]

1. e4 {[%clk 0:03:01]} e6 {[%clk 0:03:02]} 2. d4 {[%clk 0:03:02]} d5
{[%clk 0:03:04]} 3. Nc3 {[%clk 0:03:03]} Bb4 {[%clk 0:03:04]} 4. e5
{[%clk 0:03:04]} Ne7 {[%clk 0:03:05]} 5. Bd2 {[%clk 0:03:02]} c5 {[%clk 0:03:04]}
6. dxc5 {[%clk 0:03:01]} Nd7 {[%clk 0:03:04]} 7. Qg4 {[%clk 0:02:54]} O-O
{[%clk 0:03:03]} 8. Qxb4 {[%clk 0:02:54]} Nxe5 {[%clk 0:03:01]} 9. Qf4
{[%clk 0:02:22]} N7g6 {[%clk 0:03:00]} 10. Qg3 {[%clk 0:02:22]} d4
{[%clk 0:03:02]} 11. Ne4 {[%clk 0:02:14]} Qd5 {[%clk 0:03:02]} 12. Bd3
{[%clk 0:01:37]} f5 {[%clk 0:03:00]} 13. Ng5 {[%clk 0:01:34]} f4 {[%clk 0:02:50]}
14. Qh3 {[%clk 0:01:30]} Nxd3+ {[%clk 0:02:50]} 15. cxd3 {[%clk 0:01:16]} Qxg5
{[%clk 0:02:50]} 16. Nf3 {[%clk 0:01:01]} Qd5 {[%clk 0:02:40]} 17. O-O
{[%clk 0:00:25]} e5 {[%clk 0:02:29]} 18. Qh5 {[%clk 0:00:27]} Bf5
{[%clk 0:02:15]} 19. Rfe1 {[%clk 0:00:26]} Rae8 {[%clk 0:02:11]} 20. Ng5
{[%clk 0:00:24]} h6 {[%clk 0:02:12]} 21. Ne4 {[%clk 0:00:25]} Kh7
{[%clk 0:02:05]} 22. Rac1 {[%clk 0:00:19]} Bxe4 {[%clk 0:02:05]} 23. dxe4
{[%clk 0:00:17]} Qxa2 {[%clk 0:02:05]} 24. c6 {[%clk 0:00:18]} bxc6
{[%clk 0:01:56]} 25. Rxc6 {[%clk 0:00:17]} Re6 {[%clk 0:01:56]} 26. Rxe6
{[%clk 0:00:14]} Qxe6 {[%clk 0:01:57]} 27. h3 {[%clk 0:00:13]} Qb3
{[%clk 0:01:48]} 28. Bc1 {[%clk 0:00:10]} a5 {[%clk 0:01:44]} 29. Qg4
{[%clk 0:00:08]} d3 {[%clk 0:01:39]} 30. Rd1 {[%clk 0:00:07]} a4 {[%clk 0:01:36]}
31. Qf3 {[%clk 0:00:05]} Rd8 {[%clk 0:01:35]} 32. Rd2 {[%clk 0:00:04]} Qc4
{[%clk 0:01:33]} 33. Rd1 {[%clk 0:00:05]} Qc2 {[%clk 0:01:33]} 34. Kh2
{[%clk 0:00:04]} d2 {[%clk 0:01:33]} 35. Bxd2 {[%clk 0:00:03]} Rxd2
{[%clk 0:01:34]} 36. Rxd2 {[%clk 0:00:04]} Qxd2 {[%clk 0:01:35]} 37. h4 0-1

[Event "Blitz 2018"]
[Site "Saint-Petersburg"]
[Date "2018.12.30"]
[Round "16"]
[Board "41"]
[White "Kevlishvili Robby (NED)"]
[Black "Riazantsev Alexander (RUS)"]
[Result "1-0"]
[LiveChessVersion "1.4.8"]
[BlackElo "2633"]
[WhiteElo "2530"]

1. e4 {[%clk 0:03:02]} e6 {[%clk 0:03:04]} 2. d4 {[%clk 0:03:03]} d5
{[%clk 0:03:05]} 3. Nd2 {[%clk 0:03:04]} Nc6 {[%clk 0:03:06]} 4. Ngf3 Nf6 5. e5
{[%clk 0:03:07]} Nd7 {[%clk 0:03:09]} 6. c3 {[%clk 0:03:08]} f6 {[%clk 0:03:10]}
7. Bb5 {[%clk 0:03:09]} Be7 {[%clk 0:03:08]} 8. exf6 {[%clk 0:02:58]} Bxf6
{[%clk 0:03:09]} 9. O-O {[%clk 0:02:57]} O-O {[%clk 0:03:10]} 10. Re1
{[%clk 0:02:56]} Re8 {[%clk 0:02:59]} 11. Nf1 {[%clk 0:02:56]} e5
{[%clk 0:02:43]} 12. dxe5 {[%clk 0:02:49]} Ndxe5 {[%clk 0:02:45]} 13. Bf4
{[%clk 0:02:30]} Bg4 {[%clk 0:02:30]} 14. Bxe5 {[%clk 0:02:31]} Rxe5
{[%clk 0:02:14]} 15. Ne3 {[%clk 0:02:14]} Bh5 {[%clk 0:01:10]} 16. Be2
{[%clk 0:01:58]} Bxf3 {[%clk 0:00:55]} 17. Bxf3 {[%clk 0:01:58]} Ne7
{[%clk 0:00:57]} 18. Qb3 {[%clk 0:01:49]} b6 {[%clk 0:00:38]} 19. Nxd5
{[%clk 0:01:41]} Rxe1+ {[%clk 0:00:11]} 20. Rxe1 {[%clk 0:01:42]} 1-0

[Event "Blitz 2018"]
[Site "Saint-Petersburg"]
[Date "2018.12.30"]
[Round "16"]
[Board "42"]
[White "Nozdrachev Vladislav (RUS)"]
[Black "Roiz Michael (ISR)"]
[Result "1/2-1/2"]
[LiveChessVersion "1.4.8"]
[BlackElo "2617"]
[WhiteElo "2521"]

1. e4 {[%clk 0:03:03]} e5 {[%clk 0:03:03]} 2. Nf3 {[%clk 0:03:03]} Nc6
{[%clk 0:03:04]} 3. Bc4 {[%clk 0:03:04]} Bc5 {[%clk 0:03:05]} 4. d3
{[%clk 0:03:05]} Nf6 {[%clk 0:03:06]} 5. c3 {[%clk 0:03:05]} d6 {[%clk 0:03:07]}
6. a4 {[%clk 0:03:06]} a5 {[%clk 0:03:07]} 7. O-O {[%clk 0:03:02]} h6
{[%clk 0:03:05]} 8. Re1 {[%clk 0:03:01]} O-O {[%clk 0:03:05]} 9. h3
{[%clk 0:03:02]} Be6 {[%clk 0:02:37]} 10. Nbd2 {[%clk 0:03:01]} Bxc4
{[%clk 0:02:26]} 11. dxc4 {[%clk 0:03:02]} Qd7 {[%clk 0:02:08]} 12. Nf1
{[%clk 0:03:00]} Ne7 {[%clk 0:02:05]} 13. b3 {[%clk 0:02:59]} Ng6
{[%clk 0:02:03]} 14. Qc2 {[%clk 0:02:55]} Nh5 {[%clk 0:01:56]} 15. Be3
{[%clk 0:02:55]} Nhf4 {[%clk 0:01:47]} 16. Rad1 {[%clk 0:02:48]} Qe7
{[%clk 0:01:27]} 17. Bxc5 {[%clk 0:02:41]} dxc5 {[%clk 0:01:28]} 18. Ne3
{[%clk 0:02:42]} c6 {[%clk 0:01:22]} 19. Nf5 {[%clk 0:02:42]} Qc7
{[%clk 0:01:23]} 20. g3 {[%clk 0:02:33]} Ne6 {[%clk 0:01:21]} 21. h4
{[%clk 0:02:10]} Rfd8 {[%clk 0:01:22]} 22. h5 {[%clk 0:02:11]} Ngf8
{[%clk 0:01:23]} 23. Kg2 {[%clk 0:02:09]} Nh7 {[%clk 0:01:18]} 24. Rxd8+
{[%clk 0:01:58]} Rxd8 {[%clk 0:01:19]} 25. Rd1 {[%clk 0:01:59]} Nf6
{[%clk 0:01:13]} 26. Rxd8+ {[%clk 0:01:58]} Nxd8 {[%clk 0:01:14]} 27. Qd3
{[%clk 0:01:59]} Nd7 {[%clk 0:00:51]} 28. N3h4 {[%clk 0:01:30]} Nf6
{[%clk 0:00:41]} 29. Nf3 {[%clk 0:01:14]} Nd7 {[%clk 0:00:42]} 30. g4
{[%clk 0:01:14]} Ne6 {[%clk 0:00:43]} 31. Kg3 {[%clk 0:01:11]} Nf4
{[%clk 0:00:41]} 32. Qd2 {[%clk 0:01:04]} Nf6 {[%clk 0:00:38]} 33. Qe3
{[%clk 0:00:47]} b6 {[%clk 0:00:39]} 34. Ng1 {[%clk 0:00:30]} Qd7
{[%clk 0:00:36]} 35. Ne2 {[%clk 0:00:31]} Qd1 {[%clk 0:00:36]} 36. Nxf4
{[%clk 0:00:16]} Qxg4+ {[%clk 0:00:37]} 37. Kh2 {[%clk 0:00:17]} exf4
{[%clk 0:00:31]} 38. Qh3 {[%clk 0:00:19]} Qxh3+ {[%clk 0:00:28]} 39. Kxh3
{[%clk 0:00:20]} Nxe4 {[%clk 0:00:29]} 40. Kg4 {[%clk 0:00:18]} g5
{[%clk 0:00:17]} 41. Nxh6+ {[%clk 0:00:16]} Kg7 {[%clk 0:00:17]} 42. Nf5+
{[%clk 0:00:13]} Kf6 {[%clk 0:00:19]} 43. h6 {[%clk 0:00:13]} Kg6
{[%clk 0:00:17]} 44. Ne7+ {[%clk 0:00:10]} Kxh6 {[%clk 0:00:18]} 45. f3
{[%clk 0:00:07]} Nd2 {[%clk 0:00:17]} 46. Nxc6 {[%clk 0:00:07]} Nxb3
{[%clk 0:00:18]} 47. Kf5 {[%clk 0:00:05]} Nd2 {[%clk 0:00:17]} 48. Ne5
{[%clk 0:00:06]} Nxf3 {[%clk 0:00:17]} 49. Nxf3 {[%clk 0:00:07]} f6
{[%clk 0:00:18]} 50. Nd2 {[%clk 0:00:05]} Kh5 {[%clk 0:00:17]} 51. Ne4
{[%clk 0:00:06]} f3 {[%clk 0:00:17]} 52. Nxf6+ {[%clk 0:00:07]} Kh4
{[%clk 0:00:19]} 53. Ng4 {[%clk 0:00:07]} Kg3 {[%clk 0:00:16]} 54. Kxg5
{[%clk 0:00:08]} f2 {[%clk 0:00:18]} 55. Ne3 {[%clk 0:00:09]} Kf3
{[%clk 0:00:19]} 56. Nf1 {[%clk 0:00:11]} Ke2 {[%clk 0:00:19]} 57. Ng3+
{[%clk 0:00:12]} Kd3 {[%clk 0:00:21]} 58. Kf4 {[%clk 0:00:12]} Kxc3
{[%clk 0:00:21]} 59. Ke3 {[%clk 0:00:13]} Kxc4 {[%clk 0:00:22]} 60. Kxf2
{[%clk 0:00:15]} Kb4 {[%clk 0:00:23]} 61. Ke3 {[%clk 0:00:16]} Kb3
{[%clk 0:00:26]} 62. Kd2 {[%clk 0:00:19]} c4 {[%clk 0:00:25]} 63. Kc1
{[%clk 0:00:18]} b5 {[%clk 0:00:26]} 64. Ne4 {[%clk 0:00:17]} Kb4
{[%clk 0:00:26]} 65. Nc5 {[%clk 0:00:18]} Kc3 {[%clk 0:00:26]} 66. Na6
{[%clk 0:00:15]} b4 {[%clk 0:00:28]} 67. Nc7 {[%clk 0:00:15]} Kd3
{[%clk 0:00:27]} 68. Nb5 {[%clk 0:00:09]} Ke4 {[%clk 0:00:27]} 69. Nd6+
{[%clk 0:00:09]} 1/2-1/2

[Event "Blitz 2018"]
[Site "Saint-Petersburg"]
[Date "2018.12.30"]
[Round "16"]
[Board "43"]
[White "Zhigalko Andrey (BLR)"]
[Black "Sarana Alexey (RUS)"]
[Result "0-1"]
[LiveChessVersion "1.4.8"]
[BlackElo "2616"]
[WhiteElo "2493"]

1. e4 {[%clk 0:03:04]} d6 {[%clk 0:03:02]} 2. d4 {[%clk 0:03:04]} Nf6
{[%clk 0:03:03]} 3. Bd3 {[%clk 0:03:05]} g6 {[%clk 0:03:03]} 4. Nf3
{[%clk 0:03:06]} Bg7 {[%clk 0:03:04]} 5. O-O {[%clk 0:03:06]} O-O
{[%clk 0:03:04]} 6. Re1 {[%clk 0:03:05]} Bg4 {[%clk 0:02:54]} 7. Nbd2
{[%clk 0:03:04]} Nc6 {[%clk 0:02:53]} 8. h3 {[%clk 0:03:05]} Bd7 {[%clk 0:02:48]}
9. e5 {[%clk 0:02:31]} dxe5 {[%clk 0:02:48]} 10. dxe5 {[%clk 0:02:31]} Nd5
{[%clk 0:02:48]} 11. Nf1 {[%clk 0:02:01]} Ndb4 {[%clk 0:02:38]} 12. Be4
{[%clk 0:01:51]} Bf5 {[%clk 0:02:35]} 13. Qe2 {[%clk 0:01:44]} e6
{[%clk 0:02:17]} 14. Bxc6 {[%clk 0:00:46]} bxc6 {[%clk 0:02:18]} 15. Rd1
{[%clk 0:00:27]} Qc8 {[%clk 0:02:19]} 16. c3 {[%clk 0:00:15]} Qa6
{[%clk 0:02:20]} 17. Qxa6 {[%clk 0:00:11]} Nxa6 {[%clk 0:02:21]} 18. Bf4
{[%clk 0:00:07]} Nc5 {[%clk 0:02:17]} 19. Nd4 {[%clk 0:00:06]} Nd3
{[%clk 0:01:58]} 20. Nxf5 {[%clk 0:00:06]} Nxf4 {[%clk 0:01:58]} 21. Ne7+
{[%clk 0:00:06]} Kh8 {[%clk 0:01:59]} 22. Nxc6 {[%clk 0:00:07]} a5
{[%clk 0:02:00]} 23. b4 {[%clk 0:00:05]} Nd5 {[%clk 0:01:57]} 24. Rac1
{[%clk 0:00:05]} axb4 {[%clk 0:01:54]} 25. Nxb4 {[%clk 0:00:05]} Nxb4
{[%clk 0:01:51]} 26. cxb4 {[%clk 0:00:06]} Bxe5 {[%clk 0:01:52]} 27. Rc2
{[%clk 0:00:04]} Ra4 {[%clk 0:01:53]} 28. Rb1 {[%clk 0:00:03]} Rfa8
{[%clk 0:01:53]} 29. Ne3 {[%clk 0:00:03]} Rxa2 {[%clk 0:01:54]} 30. Rxa2
{[%clk 0:00:04]} Rxa2 {[%clk 0:01:54]} 31. Kf1 {[%clk 0:00:03]} h5
{[%clk 0:01:53]} 32. Rc1 {[%clk 0:00:04]} Kg7 {[%clk 0:01:51]} 33. Rc2
{[%clk 0:00:04]} Ra1+ {[%clk 0:01:46]} 34. Ke2 {[%clk 0:00:05]} Rb1
{[%clk 0:01:47]} 35. Nc4 {[%clk 0:00:05]} Bd6 {[%clk 0:01:42]} 36. Nxd6
{[%clk 0:00:05]} cxd6 {[%clk 0:01:43]} 37. Rc6 {[%clk 0:00:04]} d5
{[%clk 0:01:44]} 38. Rb6 {[%clk 0:00:05]} Kf6 {[%clk 0:01:44]} 39. Rb7
{[%clk 0:00:06]} e5 {[%clk 0:01:44]} 40. b5 {[%clk 0:00:06]} Rb2+
{[%clk 0:01:45]} 41. Ke3 {[%clk 0:00:05]} d4+ {[%clk 0:01:43]} 42. Ke4
{[%clk 0:00:04]} Re2+ {[%clk 0:01:39]} 43. Kf3 {[%clk 0:00:04]} d3
{[%clk 0:01:39]} 44. Rd7 {[%clk 0:00:04]} e4+ {[%clk 0:01:39]} 45. Kg3
{[%clk 0:00:04]} Ke6 {[%clk 0:01:39]} 46. Rd4 {[%clk 0:00:04]} Ke5
{[%clk 0:01:33]} 47. Rd8 {[%clk 0:00:03]} Rb2 {[%clk 0:01:32]} 48. Re8+
{[%clk 0:00:03]} Kf5 {[%clk 0:01:32]} 49. Rb8 {[%clk 0:00:03]} g5
{[%clk 0:01:24]} 50. h4 {[%clk 0:00:04]} gxh4+ {[%clk 0:01:24]} 51. Kxh4
{[%clk 0:00:05]} Rxf2 {[%clk 0:01:25]} 52. b6 {[%clk 0:00:05]} Rxg2
{[%clk 0:01:24]} 53. Rf8 {[%clk 0:00:05]} Rb2 {[%clk 0:01:19]} 54. Rxf7+
{[%clk 0:00:06]} Ke6 {[%clk 0:01:20]} 55. Rf4 {[%clk 0:00:05]} Ke5
{[%clk 0:01:19]} 0-1

[Event "Blitz 2018"]
[Site "Saint-Petersburg"]
[Date "2018.12.30"]
[Round "16"]
[Board "44"]
[White "Tari Aryan (NOR)"]
[Black "Sakaev Konstantin (RUS)"]
[Result "1-0"]
[LiveChessVersion "1.4.8"]
[BlackElo "2551"]
[WhiteElo "2608"]

1. e4 {[%clk 0:03:03]} c5 {[%clk 0:03:03]} 2. Nf3 {[%clk 0:03:04]} d6
{[%clk 0:03:04]} 3. Nc3 {[%clk 0:03:05]} Nf6 {[%clk 0:03:03]} 4. e5
{[%clk 0:03:06]} dxe5 {[%clk 0:03:02]} 5. Nxe5 {[%clk 0:03:06]} Nbd7
{[%clk 0:03:01]} 6. d4 {[%clk 0:03:05]} e6 {[%clk 0:02:49]} 7. Bb5
{[%clk 0:03:01]} a6 {[%clk 0:02:31]} 8. Bxd7+ {[%clk 0:03:01]} Nxd7
{[%clk 0:02:23]} 9. Qh5 {[%clk 0:03:01]} Nxe5 {[%clk 0:02:08]} 10. dxe5
{[%clk 0:03:02]} Bd7 {[%clk 0:02:04]} 11. Bg5 {[%clk 0:03:02]} Qc7
{[%clk 0:02:02]} 12. O-O-O {[%clk 0:03:01]} Bc6 {[%clk 0:02:00]} 13. Rhe1
{[%clk 0:02:45]} Be7 {[%clk 0:01:48]} 14. Bxe7 {[%clk 0:02:45]} Qxe7
{[%clk 0:01:48]} 15. Rd6 {[%clk 0:02:46]} Rd8 {[%clk 0:01:37]} 16. Red1
{[%clk 0:02:37]} O-O {[%clk 0:01:29]} 17. g3 {[%clk 0:02:29]} h6 {[%clk 0:01:23]}
18. f4 {[%clk 0:02:24]} Rc8 {[%clk 0:00:57]} 19. R1d2 {[%clk 0:02:11]} Rfd8
{[%clk 0:00:55]} 20. Qd1 {[%clk 0:02:12]} Rxd6 {[%clk 0:00:56]} 21. exd6
{[%clk 0:02:09]} Qd7 {[%clk 0:00:57]} 22. Qe2 {[%clk 0:02:06]} b5
{[%clk 0:00:54]} 23. Qe5 {[%clk 0:01:28]} b4 {[%clk 0:00:54]} 24. Nd1
{[%clk 0:01:29]} Bd5 {[%clk 0:00:44]} 25. Ne3 {[%clk 0:01:30]} f6
{[%clk 0:00:44]} 26. Qh5 {[%clk 0:01:26]} Qxd6 {[%clk 0:00:42]} 27. Nxd5
{[%clk 0:01:19]} exd5 {[%clk 0:00:43]} 28. Qxd5+ {[%clk 0:01:20]} Qxd5
{[%clk 0:00:45]} 29. Rxd5 {[%clk 0:01:21]} Kf7 {[%clk 0:00:39]} 30. f5
{[%clk 0:01:13]} Ke7 {[%clk 0:00:39]} 31. c3 {[%clk 0:01:10]} a5 {[%clk 0:00:35]}
32. Kc2 {[%clk 0:01:07]} a4 {[%clk 0:00:37]} 33. Kd3 {[%clk 0:01:05]} a3
{[%clk 0:00:11]} 34. bxa3 {[%clk 0:00:52]} bxa3 {[%clk 0:00:11]} 35. Kc4
{[%clk 0:00:24]} Rb8 {[%clk 0:00:12]} 36. Rxc5 {[%clk 0:00:25]} Rb2
{[%clk 0:00:13]} 37. Rc7+ {[%clk 0:00:27]} Kd6 {[%clk 0:00:15]} 38. Rxg7
{[%clk 0:00:27]} Rxa2 {[%clk 0:00:15]} 39. Ra7 {[%clk 0:00:29]} Rxh2
{[%clk 0:00:14]} 40. Rxa3 {[%clk 0:00:27]} Rg2 {[%clk 0:00:15]} 41. Kd4
{[%clk 0:00:28]} Rxg3 {[%clk 0:00:15]} 42. Ra6+ {[%clk 0:00:30]} Ke7
{[%clk 0:00:16]} 43. c4 {[%clk 0:00:29]} Rf3 {[%clk 0:00:11]} 44. Ke4
{[%clk 0:00:27]} Rf1 {[%clk 0:00:09]} 45. c5 {[%clk 0:00:24]} Re1+
{[%clk 0:00:10]} 46. Kd4 {[%clk 0:00:25]} Rd1+ {[%clk 0:00:10]} 47. Kc4
{[%clk 0:00:27]} Rf1 {[%clk 0:00:08]} 48. Ra7+ {[%clk 0:00:28]} Kd8
{[%clk 0:00:08]} 49. Kd5 {[%clk 0:00:29]} Rxf5+ 50. Kd6 Ke8 {[%clk 0:00:05]} 51.
c6 {[%clk 0:00:32]} Rf1 {[%clk 0:00:06]} 52. Ra8+ {[%clk 0:00:33]} Kf7
{[%clk 0:00:07]} 53. c7 {[%clk 0:00:34]} Rd1+ 54. Kc6 Rc1+ {[%clk 0:00:09]} 55.
Kb6 {[%clk 0:00:37]} Rb1+ {[%clk 0:00:10]} 56. Kc6 {[%clk 0:00:25]} Rc1+
{[%clk 0:00:11]} 57. Kd7 {[%clk 0:00:22]} Rd1+ {[%clk 0:00:12]} 58. Kc8
{[%clk 0:00:24]} h5 {[%clk 0:00:11]} 59. Ra5 {[%clk 0:00:24]} Kg6
{[%clk 0:00:10]} 60. Kb7 {[%clk 0:00:25]} Rc1 {[%clk 0:00:09]} 61. Kb6
{[%clk 0:00:26]} Rxc7 {[%clk 0:00:07]} 62. Kxc7 {[%clk 0:00:27]} h4
{[%clk 0:00:08]} 63. Kd6 {[%clk 0:00:28]} f5 {[%clk 0:00:06]} 64. Ke5
{[%clk 0:00:28]} Kg5 {[%clk 0:00:08]} 65. Ra8 {[%clk 0:00:29]} h3
{[%clk 0:00:09]} 66. Rg8+ {[%clk 0:00:30]} 1-0

[Event "Blitz 2018"]
[Site "Saint-Petersburg"]
[Date "2018.12.30"]
[Round "16"]
[Board "45"]
[White "Usmanov Vasily (RUS)"]
[Black "Ragger Markus (AUT)"]
[Result "1-0"]
[LiveChessVersion "1.4.8"]
[BlackElo "2677"]
[WhiteElo "2459"]

1. d4 {[%clk 0:03:03]} Nf6 {[%clk 0:03:03]} 2. c4 {[%clk 0:03:04]} g6
{[%clk 0:03:05]} 3. d5 {[%clk 0:03:05]} c6 {[%clk 0:02:47]} 4. Nc3
{[%clk 0:03:04]} cxd5 {[%clk 0:02:47]} 5. cxd5 {[%clk 0:03:05]} Bg7
{[%clk 0:02:49]} 6. g3 {[%clk 0:03:05]} O-O {[%clk 0:02:49]} 7. Bg2
{[%clk 0:03:07]} d6 {[%clk 0:02:49]} 8. Nf3 {[%clk 0:03:07]} a5 {[%clk 0:02:46]}
9. O-O {[%clk 0:03:05]} Na6 {[%clk 0:02:47]} 10. Nd4 {[%clk 0:02:35]} Nc5
{[%clk 0:02:42]} 11. Be3 {[%clk 0:02:26]} a4 {[%clk 0:02:41]} 12. h3
{[%clk 0:02:25]} Bd7 {[%clk 0:02:34]} 13. b4 {[%clk 0:02:23]} axb3
{[%clk 0:02:28]} 14. axb3 {[%clk 0:02:21]} Qb6 {[%clk 0:02:15]} 15. Rb1
{[%clk 0:01:47]} Qb4 {[%clk 0:02:11]} 16. Qd2 {[%clk 0:01:48]} Rfc8
{[%clk 0:02:00]} 17. Nc2 {[%clk 0:01:45]} Nfe4 {[%clk 0:00:39]} 18. Nxe4
{[%clk 0:01:26]} Qxd2 {[%clk 0:00:40]} 19. Nxd2 {[%clk 0:01:27]} Bf5
{[%clk 0:00:36]} 20. Rbc1 {[%clk 0:01:15]} Bb2 {[%clk 0:00:33]} 21. Nd4
{[%clk 0:01:12]} Bxc1 {[%clk 0:00:31]} 22. Rxc1 {[%clk 0:01:11]} Bd7
{[%clk 0:00:30]} 23. Bg5 {[%clk 0:00:41]} f6 {[%clk 0:00:30]} 24. Be3
{[%clk 0:00:41]} Na6 {[%clk 0:00:30]} 25. Rxc8+ {[%clk 0:00:41]} Rxc8
{[%clk 0:00:31]} 26. Nc4 {[%clk 0:00:41]} Be8 {[%clk 0:00:20]} 27. Bd2
{[%clk 0:00:42]} Nc5 {[%clk 0:00:19]} 28. Nb6 {[%clk 0:00:38]} Rb8
{[%clk 0:00:17]} 29. Ba5 {[%clk 0:00:36]} Nd7 {[%clk 0:00:18]} 30. e3
{[%clk 0:00:27]} Nxb6 {[%clk 0:00:19]} 31. Bxb6 {[%clk 0:00:28]} Rc8
{[%clk 0:00:21]} 32. Bf1 {[%clk 0:00:27]} Rc1 {[%clk 0:00:22]} 33. Kg2
{[%clk 0:00:27]} Kf7 {[%clk 0:00:22]} 34. Bc4 {[%clk 0:00:26]} Bd7
{[%clk 0:00:22]} 35. Ne6 {[%clk 0:00:26]} Bc8 {[%clk 0:00:15]} 36. g4
{[%clk 0:00:26]} Rb1 {[%clk 0:00:14]} 37. h4 {[%clk 0:00:25]} h6 {[%clk 0:00:11]}
38. e4 {[%clk 0:00:24]} g5 {[%clk 0:00:12]} 39. h5 {[%clk 0:00:24]} Rb2
{[%clk 0:00:12]} 40. Kf3 {[%clk 0:00:24]} Rc2 {[%clk 0:00:14]} 41. Ke3
{[%clk 0:00:25]} Rc3+ {[%clk 0:00:15]} 42. Ke2 {[%clk 0:00:24]} Rc2+
{[%clk 0:00:14]} 43. Kd3 {[%clk 0:00:24]} Rc1 {[%clk 0:00:15]} 44. f3
{[%clk 0:00:23]} Rf1 {[%clk 0:00:16]} 45. Nd4 {[%clk 0:00:23]} Rc1
{[%clk 0:00:17]} 46. Kd2 {[%clk 0:00:19]} Rh1 {[%clk 0:00:17]} 47. Kc3
{[%clk 0:00:20]} Rc1+ {[%clk 0:00:15]} 48. Kb4 {[%clk 0:00:22]} Bd7
{[%clk 0:00:15]} 49. Bb5 {[%clk 0:00:21]} Bc8 {[%clk 0:00:15]} 50. Ba4
{[%clk 0:00:18]} Rf1 {[%clk 0:00:15]} 51. Ka5 {[%clk 0:00:19]} e5
{[%clk 0:00:11]} 52. dxe6+ {[%clk 0:00:18]} Bxe6 {[%clk 0:00:12]} 53. Kb4
{[%clk 0:00:17]} d5 {[%clk 0:00:13]} 54. Nxe6 {[%clk 0:00:11]} Kxe6
{[%clk 0:00:15]} 55. exd5+ {[%clk 0:00:12]} Kxd5 {[%clk 0:00:16]} 56. Bd7
{[%clk 0:00:12]} Rxf3 {[%clk 0:00:15]} 57. Bf5 {[%clk 0:00:11]} Kc6
{[%clk 0:00:15]} 58. Bd4 {[%clk 0:00:11]} Rf4 {[%clk 0:00:16]} 59. Kc3
{[%clk 0:00:12]} Rf3+ {[%clk 0:00:18]} 60. Kc4 {[%clk 0:00:14]} b5+
{[%clk 0:00:19]} 61. Kb4 {[%clk 0:00:14]} Rf4 {[%clk 0:00:19]} 62. Kc3
{[%clk 0:00:15]} Rf3+ {[%clk 0:00:17]} 63. Kc2 {[%clk 0:00:16]} Kd5
{[%clk 0:00:11]} 64. Bxf6 {[%clk 0:00:17]} b4 {[%clk 0:00:12]} 65. Bg7
{[%clk 0:00:17]} Rf2+ {[%clk 0:00:14]} 66. Kd3 {[%clk 0:00:18]} Rf3+
{[%clk 0:00:15]} 67. Kc2 {[%clk 0:00:19]} Rf2+ {[%clk 0:00:16]} 68. Kc1
{[%clk 0:00:20]} Rf3 {[%clk 0:00:17]} 69. Bxh6 {[%clk 0:00:18]} Rxb3
{[%clk 0:00:18]} 70. Bxg5 {[%clk 0:00:19]} Rh3 {[%clk 0:00:20]} 71. Bf6
{[%clk 0:00:19]} b3 {[%clk 0:00:17]} 72. Kb2 {[%clk 0:00:20]} Kc4
{[%clk 0:00:19]} 73. Be6+ {[%clk 0:00:21]} Kb4 {[%clk 0:00:20]} 74. Be7+
{[%clk 0:00:21]} Ka4 {[%clk 0:00:22]} 75. Bd7+ {[%clk 0:00:22]} Ka5
{[%clk 0:00:23]} 76. Ka3 {[%clk 0:00:18]} Rd3 {[%clk 0:00:20]} 77. Bf5
{[%clk 0:00:18]} Rh3 {[%clk 0:00:21]} 78. Bg5 {[%clk 0:00:17]} Kb5
{[%clk 0:00:22]} 79. h6 {[%clk 0:00:16]} Kc4 {[%clk 0:00:23]} 80. h7
{[%clk 0:00:17]} Rh2 {[%clk 0:00:24]} 81. Be6+ {[%clk 0:00:08]} Kc5
{[%clk 0:00:24]} 82. Bg8 {[%clk 0:00:07]} b2 {[%clk 0:00:25]} 83. Ka2
{[%clk 0:00:08]} Kb4 {[%clk 0:00:26]} 84. Be7+ {[%clk 0:00:08]} Kc3
{[%clk 0:00:27]} 85. Bf6+ {[%clk 0:00:09]} Kc2 {[%clk 0:00:28]} 86. Bxb2
{[%clk 0:00:09]} Rh6 {[%clk 0:00:29]} 87. Bb3+ {[%clk 0:00:09]} Kd2
{[%clk 0:00:30]} 88. h8=Q {[%clk 0:00:09]} 1-0

[Event "Blitz 2018"]
[Site "Saint-Petersburg"]
[Date "2018.12.30"]
[Round "16"]
[Board "46"]
[White "Grachev Boris (RUS)"]
[Black "Bocharov Ivan (RUS)"]
[Result "1/2-1/2"]
[LiveChessVersion "1.4.8"]
[BlackElo "2715"]
[WhiteElo "2571"]

1. d4 {[%clk 0:03:03]} d5 {[%clk 0:03:04]} 2. Bf4 {[%clk 0:03:03]} c5
{[%clk 0:03:02]} 3. e3 {[%clk 0:03:04]} Nc6 {[%clk 0:02:57]} 4. c3
{[%clk 0:03:05]} Qb6 {[%clk 0:02:58]} 5. Qc2 {[%clk 0:03:02]} g6 {[%clk 0:02:41]}
6. Nf3 {[%clk 0:02:49]} Bf5 {[%clk 0:02:42]} 7. dxc5 {[%clk 0:02:47]} Qxc5
{[%clk 0:02:36]} 8. Qb3 {[%clk 0:02:48]} Qb6 {[%clk 0:02:30]} 9. Qxb6
{[%clk 0:02:33]} axb6 {[%clk 0:02:31]} 10. Nbd2 {[%clk 0:02:30]} Nf6
{[%clk 0:02:28]} 11. Bc7 {[%clk 0:02:26]} Nd7 {[%clk 0:02:26]} 12. Nd4
{[%clk 0:02:25]} Bg7 {[%clk 0:02:18]} 13. Bb5 {[%clk 0:02:22]} Rc8
{[%clk 0:02:14]} 14. Bg3 {[%clk 0:02:12]} O-O {[%clk 0:02:14]} 15. Nxf5
{[%clk 0:01:58]} gxf5 {[%clk 0:02:16]} 16. O-O {[%clk 0:01:58]} Nc5
{[%clk 0:02:16]} 17. Nb3 {[%clk 0:01:54]} Ne4 {[%clk 0:02:14]} 18. Rad1
{[%clk 0:01:49]} e6 {[%clk 0:02:14]} 19. f3 {[%clk 0:01:42]} Nxg3
{[%clk 0:02:11]} 20. hxg3 {[%clk 0:01:43]} Ne5 {[%clk 0:02:13]} 21. Kf2
{[%clk 0:01:36]} Nc4 {[%clk 0:02:14]} 22. Bxc4 {[%clk 0:01:37]} Rxc4
{[%clk 0:02:15]} 23. Rh1 {[%clk 0:01:22]} Rfc8 {[%clk 0:02:05]} 24. a3 h6
{[%clk 0:02:05]} 25. Nd4 {[%clk 0:01:08]} Kf8 {[%clk 0:02:04]} 26. Rh4
{[%clk 0:00:57]} Ke7 {[%clk 0:02:04]} 27. g4 {[%clk 0:00:54]} Bf6
{[%clk 0:01:55]} 28. Rxh6 {[%clk 0:00:50]} fxg4 {[%clk 0:01:54]} 29. fxg4
{[%clk 0:00:46]} Rg8 {[%clk 0:01:51]} 30. Kf3 {[%clk 0:00:47]} Rcc8
{[%clk 0:01:52]} 31. Rdh1 {[%clk 0:00:47]} Rg5 {[%clk 0:01:36]} 32. R1h5
{[%clk 0:00:46]} Rg7 {[%clk 0:01:37]} 33. Rh7 {[%clk 0:00:47]} Rg6
{[%clk 0:01:39]} 34. R5h6 {[%clk 0:00:41]} Rg5 {[%clk 0:01:40]} 35. Rh5
{[%clk 0:00:42]} Rg7 {[%clk 0:01:43]} 36. R7h6 {[%clk 0:00:43]} 1/2-1/2